000 01061nam0a22002771 4500
001 v19\rc\1606057
005 20260407144657.0
035 _a(NLR Aleph) 004727427
090 _a4416819
_c4416819
100 _a20061002d1896 |||y0rusy50 ca
101 0 _arus
102 _aRU
105 _ay b |||||
200 1 _aКаталог торгового дома Н. Фену и К°... 1871-1896 г.
_fXVI Всерос. пром. и худож. выст. 1896 г. в Н.-Новгороде
210 _a[Санкт-Петербург]
_dценз. 1896
215 _a15 с.
_d24
702 1 _aФену
_bН.
_4570
710 0 2 _aФену, Н. и К°, торг. д.
_cПетербург
712 1 2 _aВсероссийская промышленная и художественная выставка
_d16
_eНижний Новгород
_f1896
_9538602
_3RU\NLR\AUTH\8810020303
801 0 _aRU
_bNLR
_gpsbo
801 0 _aRU
_bRuMoRGB
_2psbo
801 1 _aRU
_bProSoft-M
_2rusmarc
852 _aNLR
_j18.250.4.143
852 _aNLR
_j671/Ф-42
942 _cBOOK
980 _aNB